000 004570000a22001810004500
003 MACL
005 20160119170541.0
008 160119b xxu||||| |||| 00| 0 eng d
040 _aMACL
_cMACL
041 _aEnglish
082 _a005.133/KAN
100 _aKanetkar, Yashavant
_933361
245 _aC # . NET Jundas
260 _bBP B Publications
_c2002
_aNew Delhi
350 _a225
650 _aComputer programing
_933180
942 _cBK
_k005/Kan
_2ddc
999 _c32861
_d32861